| Поле | Название | Значение |
| |
Тип записи |
a |
| |
Библиографический уровень |
m |
| 001 |
Контрольный номер |
RU\infra-m\znanium\bibl\2241493 |
| 005 |
Дата корректировки |
20260429142236.0 |
| 008 |
Кодируемые данные |
260225s2026 RU g rus u |
| 020 |
Индекс ISBN |
__ |
| a |
ISBN |
978-5-00156-292-4 |
| 020 |
Индекс ISBN |
__ |
| a |
ISBN |
978-5-16-111290-8 (электр. издание) |
| 020 |
Индекс ISBN |
__ |
| a |
ISBN |
978-5-16-018276-6 (ISBN соиздателя) |
| 040 |
Источник каталогиз. |
__ |
| a |
Служба первич. каталог. |
Общество с ограниченной ответственностью «ЗНАНИУМ» |
| 041 |
Код языка издания |
__ |
| a |
Код языка текста |
rus |
| 044 |
Код страны публикации |
__ |
| a |
Код страны публикации |
RU |
| 080 |
Индекс УДК |
__ |
| a |
Индекс УДК |
34.03 |
| 084 |
Индекс другой классификации/Индекс ББК |
__ |
| 2 |
Источник индекса |
rubbk |
| a |
Индекс другой классификации/Индекс ББК |
67.0 |
| 084 |
Индекс другой классификации/Индекс ББК |
__ |
| 2 |
Источник индекса |
okso |
| a |
Индекс другой классификации/Индекс ББК |
40.03.01 |
| 084 |
Индекс другой классификации/Индекс ББК |
__ |
| 2 |
Источник индекса |
okso |
| a |
Индекс другой классификации/Индекс ББК |
40.04.01 |
| 100 |
Автор |
__ |
| a |
Автор |
Зорькин В.Д. |
| q |
Полное имя |
Зорькин Валерий Дмитриевич |
| u |
Дополнение |
Конституционный суд Российской Федерации |
| 245 |
Заглавие |
__ |
| a |
Заглавие |
Право против хаоса |
| b |
Продолж. заглавия |
Монография; Монография |
| c |
Ответственность |
Конституционный суд Российской Федерации |
| 250 |
Сведения об издании |
__ |
| g |
|
испр. и доп. |
| a |
Основные сведения об издании |
3 |
| 260 |
Выходные данные |
__ |
| a |
Место издания |
Москва |
| b |
Издательство |
ООО "Юридическое издательство Норма" |
| c |
Дата издания |
2026 |
| 300 |
Физическое описание |
__ |
| a |
Объем |
536 с. |
| 520 |
Аннотация |
__ |
| a |
Аннотация |
Эта книга — о праве как нормативной форме свободы о его роли в развитии России в решении внутригосударственных и международных проблем в борьбе с многоликим праворазрушительством: будь то произвол и беззаконие дегуманизация и имморализм агрессивная архаика и новое фашиствующее варварство. Она о правовом пути России о российской реальности в ее соотношении с основополагающими правовыми принципами такими как юридическое равенство и справедливость приоритет прав человека верховенство закона. А еще — о духе закона в контексте социокультурных факторов об опасности отрыва законодательства от морально-нравственных регуляторов о конституционной идентичности Российского государства как суверенного субъекта международных и глобальных отношений о необходимости выстраивания нового справедливого миропорядка. Данная работа подготовлена на основе лекций прочитанных автором на Международном петербургском юридическом форуме в 2011—2017 гг. Первое издание вышло в Библиотечке «Российской газеты» (2016). Для юристов философов политологов и социологов а также для широкого круга читателей. |
| 521 |
Примеч. о цел. назн. |
__ |
| a |
Примеч. о целев. назн. |
Дополнительное профессиональное образование |
| 650 |
Тематические рубрики |
__ |
| a |
Основная рубрика |
Право. Юридические науки |
| x |
Основная подрубрика |
Теория права. Правоведение |
| 655 |
Указ. предметных рубрик (устаревшее) |
__ |
| a |
Жанр/ форма (устаревшее) |
Монография |
| 856 |
Электронный адрес документа |
4_ |
| a |
Имя сервера/домена |
znanium.ru |
| m |
Помощь |
ebs_support@infra-m.ru |
| n |
Местонахождение сервера |
НИЦ ИНФРА-М |
| u |
URL |
https://znanium.ru/catalog/document?id=478514 |
| 856 |
Электронный адрес документа |
48 |
| a |
Имя сервера/домена |
znanium.ru |
| d |
Путь |
/cover/2241 |
| f |
Электронное имя |
2241493.jpg |
| q |
Тип электронного формата |
image/jpeg |
| u |
URL |
https://znanium.ru/cover/2241/2241493.jpg |
| 911 |
|
__ |
| u |
|
0030=https://znanium.ru/catalog/document?id=478514 |